[Event "SVK-ch I137 corr"]
[Site "Slovakia"]
[Date "2001.??.??"]
[Round "?"]
[White "Dzugan, Pavol"]
[Black "Zitnar, Imrich"]
[Result "0-1"]
[WhiteElo "1881"]
[BlackElo "1817"]
[PlyCount "66"]
[EventDate "2001.??.??"]
[EventType "tourn (corr)"]
[EventRounds "12"]
[EventCountry "SVK"]
[SourceTitle "Corr 2002"]
[Source "ChessBase"]
[SourceDate "2002.05.23"]
[SourceVersion "1"]
[SourceVersionDate "2002.05.23"]
[SourceQuality "1"]

1. e4 c6 2. d4 d5 3. exd5 cxd5 4. Bd3 Nc6 5. c3 Nf6 6. Bf4 Bg4 7. Qb3 Na5 8. Qa4+ Bd7 9. Qc2 Qb6 10. Nf3 Bb5 11. Bxb5+ Qxb5 12. Na3 Qb6 13. 0-0 e6 14. b4 Nc6 15. Ng5 Be7 16. Qe2 h6 17. Nf3 Ne4 18. Rac1 0-0 19. Nb5 a6 20. Na3 Rac8 21. Nb1 Rfe8 22. Ne5 Nxe5 23. Bxe5 Rc4 24. g3 Rec8 25. Qe3 f6 26. f3 fxe5 27. fxe4 Bg5 28. Qf3 Bxc1 29. Qf7+ Kh7 30. Rxc1 Rxd4 31. Kg2 Rxe4 32. Qf1 Qe3 33. Rd1 Kg8 0-1

[Event "SVK-ch I137 corr"]
[Site "Slovakia"]
[Date "2001.??.??"]
[Round "?"]
[White "Simoncic, Ladislav"]
[Black "Zitnar, Imrich"]
[Result "1-0"]
[WhiteElo "1600"]
[BlackElo "1817"]
[PlyCount "83"]
[EventDate "2001.??.??"]
[EventType "tourn (corr)"]
[EventRounds "12"]
[EventCountry "SVK"]
[SourceTitle "Corr 2002"]
[Source "ChessBase"]
[SourceDate "2002.05.23"]
[SourceVersion "1"]
[SourceVersionDate "2002.05.23"]
[SourceQuality "1"]

1. e4 e5 2. Nf3 Nc6 3. Bb5 a6 4. Ba4 Nf6 5. 0-0 Be7 6. Re1 b5 7. Bb3 d6 8. c3 0-0 9. h3 Nb8 10. d4 Nbd7 11. Bg5 h6 12. Bh4 Bb7 13. Nbd2 c5 14. Bg3 Qc7 15. d5 Nh7 16. a4 c4 17. Bc2 Nc5 18. Qe2 f5 19. exf5 Bxd5 20. Nxe5 dxe5 21. Qxe5 Qxe5 22. Rxe5 Bxg2 23. Kxg2 Bd6 24. Rd5 Be7 25. axb5 axb5 26. Rxa8 Rxa8 27. Ne4 Nxe4 28. Bxe4 Nf6 29. Bf3 b4 30. Re5 Ra7 31. Be2 bxc3 32. bxc3 Kf8 33. Rb5 Ra8 34. Bxc4 Ne4 35. Rb7 Rc8 36. Be6 Re8 37. Rc7 Rd8 38. Be5 Nf6 39. Rb7 Ra8 40. Kf3 Rd8 41. Bd4 Ra8 42. Ke3 1-0

[Event "SVK-ch I137 corr"]
[Site "Slovakia"]
[Date "2001.??.??"]
[Round "?"]
[White "Zitnar, Imrich"]
[Black "Kamody, Mario"]
[Result "0-1"]
[WhiteElo "1817"]
[BlackElo "1600"]
[PlyCount "120"]
[EventDate "2001.??.??"]
[EventType "tourn (corr)"]
[EventRounds "12"]
[EventCountry "SVK"]
[SourceTitle "Corr 2002"]
[Source "ChessBase"]
[SourceDate "2002.05.23"]
[SourceVersion "1"]
[SourceVersionDate "2002.05.23"]
[SourceQuality "1"]

1. e4 e5 2. Nf3 Nc6 3. Bb5 a6 4. Ba4 Nf6 5. 0-0 Bc5 6. Bxc6 dxc6 7. d3 Qe7 8. Be3 Bg4 9. h3 Bh5 10. Nbd2 Bxe3 11. fxe3 0-0-0 12. Qe1 Ne8 13. Nc4 Bxf3 14. Rxf3 f6 15. a4 Nd6 16. Na5 Nf7 17. Qc3 Rdf8 18. Ra3 Nd8 19. Rb3 Qe6 20. Qb4 b6 21. Nc4 c5 22. Qa3 Nb7 23. Qa2 Kb8 24. Rf1 Ka7 25. Qb1 h5 26. Ra3 g6 27. b4 f5 28. Nd2 f4 29. bxc5 Nxc5 30. exf4 exf4 31. Rc3 Qd7 32. Qa1 g5 33. a5 f3 34. axb6+ cxb6 35. Rxf3 g4 36. Rxf8 Rxf8 37. Ra3 gxh3 38. gxh3 Rg8+ 39. Kh2 Qd6+ 40. Kh1 Qf4 41. Qf1 Qxd2 42. d4 Qxc2 43. dxc5 Qxe4+ 44. Kh2 Qe5+ 45. Kh1 Qd5+ 46. Kh2 b5 47. Qf2 Kb7 48. c6+ Qxc6 49. Qf7+ Qc7+ 50. Qxc7+ Kxc7 51. Rxa6 Rg5 52. h4 Rf5 53. Kg3 b4 54. Re6 b3 55. Re1 b2 56. Rb1 Rb5 57. Kf4 Kb6 58. Ke3 Ka5 59. Kd3 Ka4 60. Kc3 Ka3 0-1

[Event "SVK-ch I137 corr"]
[Site "Slovakia"]
[Date "2001.??.??"]
[Round "?"]
[White "Zitnar, Imrich"]
[Black "Roth, Peter111111"]
[Result "1/2-1/2"]
[WhiteElo "1817"]
[BlackElo "1837"]
[PlyCount "60"]
[EventDate "2001.??.??"]
[EventType "tourn (corr)"]
[EventRounds "12"]
[EventCountry "SVK"]
[SourceTitle "Corr 2002"]
[Source "ChessBase"]
[SourceDate "2002.05.23"]
[SourceVersion "1"]
[SourceVersionDate "2002.05.23"]
[SourceQuality "1"]

1. e4 Nf6 2. e5 Nd5 3. d4 d6 4. Nf3 Bg4 5. Be2 e6 6. 0-0 Be7 7. c4 Nb6 8. Nc3 0-0 9. Be3 Nc6 10. exd6 cxd6 11. d5 Bxf3 12. Bxf3 Ne5 13. b3 Nxf3+ 14. Qxf3 Bf6 15. Rac1 exd5 16. Nxd5 Nxd5 17. Qxd5 Qe7 18. Rfe1 Rfe8 19. Rcd1 Rad8 20. g3 Qc7 21. Qf3 Re6 22. Rd5 h6 23. Red1 Rde8 24. Rf5 Be5 25. Rh5 a6 26. Qd5 Bf6 27. Qf3 Be5 28. Rd5 Qc6 29. Rf5 Qd7 30. Rh5 Qc7 1/2-1/2